000
00325nam a2200133Ia 4500
008
221030s9999 xx 000 0 und d
041
_a
English
100
_a
Feynman
245
0
_a
Lectures on Physics : Volume 3
_c
by Feynman
260
_b
Addison Wesley
_a
London
_c
1965
300
_a
18
650
_a
BB Physics
942
_c
BK
999
_c
18222
_d
18222